<?xml version="1.0" encoding="UTF-8"?>
<record
    xmlns:xsi="http://www.w3.org/2001/XMLSchema-instance"
    xsi:schemaLocation="http://www.loc.gov/MARC21/slim http://www.loc.gov/standards/marcxml/schema/MARC21slim.xsd"
    xmlns="http://www.loc.gov/MARC21/slim">

  <leader>03791cam a2200421Ia 4500</leader>
  <controlfield tag="001">11496725</controlfield>
  <controlfield tag="003">USPCAS-E</controlfield>
  <controlfield tag="005">20180118181413.0</controlfield>
  <controlfield tag="006">m     o  d        </controlfield>
  <controlfield tag="007">cr cn|||||||||</controlfield>
  <controlfield tag="008">111205s2012    enk     o     001 0 eng d</controlfield>
  <datafield tag="020" ind1=" " ind2=" ">
    <subfield code="a">9780123859365</subfield>
  </datafield>
  <datafield tag="020" ind1=" " ind2=" ">
    <subfield code="a">0123859360</subfield>
  </datafield>
  <datafield tag="020" ind1=" " ind2=" ">
    <subfield code="a">9780123859372</subfield>
  </datafield>
  <datafield tag="020" ind1=" " ind2=" ">
    <subfield code="a">0123859379</subfield>
  </datafield>
  <datafield tag="024" ind1="8" ind2=" ">
    <subfield code="a">9786613347886</subfield>
  </datafield>
  <datafield tag="035" ind1=" " ind2=" ">
    <subfield code="a">(OCoLC)ocn767518886</subfield>
  </datafield>
  <datafield tag="035" ind1=" " ind2=" ">
    <subfield code="a">(OCoLC)767518886</subfield>
  </datafield>
  <datafield tag="035" ind1=" " ind2=" ">
    <subfield code="a">(NNC)11496725</subfield>
  </datafield>
  <datafield tag="040" ind1=" " ind2=" ">
    <subfield code="a">OPELS</subfield>
    <subfield code="b">eng</subfield>
    <subfield code="e">pn</subfield>
    <subfield code="c">OPELS</subfield>
    <subfield code="d">CDX</subfield>
    <subfield code="d">COO</subfield>
    <subfield code="d">E7B</subfield>
    <subfield code="d">TEF</subfield>
    <subfield code="d">CUS</subfield>
    <subfield code="d">DEBSZ</subfield>
    <subfield code="d">OCLCQ</subfield>
    <subfield code="d">VLB</subfield>
    <subfield code="d">ZCU</subfield>
    <subfield code="d">OCLCQ</subfield>
  </datafield>
  <datafield tag="050" ind1=" " ind2="4">
    <subfield code="a">TK1541</subfield>
    <subfield code="b">.T46 2012eb</subfield>
  </datafield>
  <datafield tag="082" ind1="0" ind2="4">
    <subfield code="a">621.312136</subfield>
    <subfield code="2">23</subfield>
    <subfield code="b">THO-O 2012</subfield>
  </datafield>
  <datafield tag="100" ind1="1" ind2=" ">
    <subfield code="a">Thomsen, Kurt E.</subfield>
  </datafield>
  <datafield tag="245" ind1="1" ind2="0">
    <subfield code="a">Offshore wind</subfield>
    <subfield code="h">[electronic resource] :</subfield>
    <subfield code="b">a comprehensive guide to successful offshore wind farm installation.</subfield>
  </datafield>
  <datafield tag="260" ind1=" " ind2=" ">
    <subfield code="a">Oxford :</subfield>
    <subfield code="b">Elsevier,</subfield>
    <subfield code="c">&#xA9;2012.</subfield>
  </datafield>
  <datafield tag="300" ind1=" " ind2=" ">
    <subfield code="a">1 online resource (xxi, 324 pages)</subfield>
  </datafield>
  <datafield tag="500" ind1=" " ind2=" ">
    <subfield code="a">Includes index.</subfield>
  </datafield>
  <datafield tag="502" ind1=" " ind2=" ">
    <subfield code="a">0</subfield>
  </datafield>
  <datafield tag="505" ind1="0" ind2=" ">
    <subfield code="a">1. What Is an Offshore Wind Farm? -- 2. Obtaining Permits for Wind Farms -- 3. Project Planning -- 4. The Basic Organization -- 5. Project Preparation -- 6. Project Execution -- 7. Interface Management -- 8. Health, Safety, and Environmental Management -- 9. Work Vessel Coordination -- 10. Logistics Solutions -- 11. Commonly Used Installation Methods -- 12. Vessels and Transport to the Offshore Installations -- 13. Basic Information about Ports -- 14. Project Criteria -- 15. Transporting Wind Turbines -- 16. Deployment Strategies -- 17. Repairing Offshore Wind Farms -- 18. Environmental and Other Issues.</subfield>
  </datafield>
  <datafield tag="520" ind1=" " ind2=" ">
    <subfield code="a">Offshore wind is the new blue horizon for Alternative Energy. One small offshore wind farm can produce more power than a whole coal plant, or a nuclear reactor. However, very few people have real experience getting an offshore wind farm up and running. This book is the first-ever roadmap to successful offshore wind installation. It provides a ready reference for wind project managers, teaching them how to deal with complications on-site, as well as for financers, who can utilize the text as an easy guide to asking the pivotal questions of petitioning wind project developers, whose planning stages will be improved by the book's expert advice on how to avoid wasting money by scoping out and mitigating potential problems up-front. Wind turbine manufacturers will benefit from insights into design optimization to support cheaper installation and hauling, thereby incurring lower project costs, and helping developers establish a quicker route to profitability. The book sheds light not just on HOW to solve a particul installation difficulty, but delves into WHY the problem may best be solved in that way. Readers will learn not just how to build successful offshore wind farms, but how to do so in the most safe and economical way possible. Enables all stakeholders to achieve cheaper, faster and safer offshore wind project realization Explains the different approaches to executing on- and offshore projects, highlighting the economic impacts of the various financial and operational choices Provides practical, proven advice on how tough challenges can be overcome, using real-life examples from the author's experiences to illustrate key issues.</subfield>
  </datafield>
  <datafield tag="650" ind1=" " ind2="0">
    <subfield code="a">Offshore wind power plants.</subfield>
  </datafield>
  <datafield tag="655" ind1=" " ind2="4">
    <subfield code="a">Electronic books.</subfield>
  </datafield>
  <datafield tag="776" ind1="0" ind2="8">
    <subfield code="i">Print version:</subfield>
    <subfield code="a">Thomsen, Kurt E.</subfield>
    <subfield code="t">Offshore wind.</subfield>
    <subfield code="d">Waltham. MA : Elsevier/Academic Press, &#xA9;2012</subfield>
    <subfield code="z">9780123859365</subfield>
    <subfield code="w">(DLC)  2012359362</subfield>
    <subfield code="w">(OCoLC)731925454</subfield>
  </datafield>
  <datafield tag="856" ind1="4" ind2="0">
    <subfield code="u">http://www.columbia.edu/cgi-bin/cul/resolve?clio11496725.001</subfield>
    <subfield code="z">ACADEMIC - Sustainable Energy &amp; Development</subfield>
  </datafield>
  <datafield tag="856" ind1="4" ind2="0">
    <subfield code="u">http://www.columbia.edu/cgi-bin/cul/resolve?clio11496725.002</subfield>
    <subfield code="z">ACADEMIC - Electrical &amp; Power Engineering</subfield>
  </datafield>
  <datafield tag="942" ind1=" " ind2=" ">
    <subfield code="2">ddc</subfield>
    <subfield code="c">BK</subfield>
  </datafield>
  <datafield tag="999" ind1=" " ind2=" ">
    <subfield code="c">355782</subfield>
    <subfield code="d">355782</subfield>
  </datafield>
  <datafield tag="952" ind1=" " ind2=" ">
    <subfield code="0">0</subfield>
    <subfield code="1">0</subfield>
    <subfield code="2">ddc</subfield>
    <subfield code="4">0</subfield>
    <subfield code="7">0</subfield>
    <subfield code="8">NFIC</subfield>
    <subfield code="a">CAS-E</subfield>
    <subfield code="b">CAS-E</subfield>
    <subfield code="c">DISPLAY</subfield>
    <subfield code="d">2015-12-22</subfield>
    <subfield code="e">Progressive</subfield>
    <subfield code="g">10148.00</subfield>
    <subfield code="l">0</subfield>
    <subfield code="o">621.312136 THO-O 2012</subfield>
    <subfield code="p">CAS-E0001019</subfield>
    <subfield code="r">2015-12-22</subfield>
    <subfield code="w">2015-12-22</subfield>
    <subfield code="y">BK</subfield>
  </datafield>
  <datafield tag="952" ind1=" " ind2=" ">
    <subfield code="0">0</subfield>
    <subfield code="1">0</subfield>
    <subfield code="2">ddc</subfield>
    <subfield code="4">0</subfield>
    <subfield code="7">0</subfield>
    <subfield code="8">NFIC</subfield>
    <subfield code="a">CAS-E</subfield>
    <subfield code="b">CAS-E</subfield>
    <subfield code="c">DISPLAY</subfield>
    <subfield code="d">2015-12-22</subfield>
    <subfield code="e">Progressive</subfield>
    <subfield code="g">10148.00</subfield>
    <subfield code="l">0</subfield>
    <subfield code="o">621.312136 THO-O 2012</subfield>
    <subfield code="p">CAS-E0001020</subfield>
    <subfield code="r">2015-12-22</subfield>
    <subfield code="t">2</subfield>
    <subfield code="w">2015-12-22</subfield>
    <subfield code="y">BK</subfield>
  </datafield>
</record>
